000 00491nam a2200181Ia 4500
008 090124s9999 xx 000 0 und d
082 _b20519
100 _aआपटे हरि नारायण
245 _a उष:काल
250 _a9
260 _c1965
300 _a15+504
600 _aआपटे हरि नारायण
630 _a उष:काल
700 _aआपटे हरि नारायण
730 _a उष:काल
942 _cBOOK
999 _c134324
_d134324